| 000 | 00345nam a22001457a 4500 | ||
|---|---|---|---|
| 008 | 230523b |||||||| |||| 00| 0 eng d | ||
| 020 | _a9789395116015 | ||
| 100 | _aK.D. Gaur | ||
| 245 | _aCriminal Law Cases & Materials | ||
| 250 | _a10th Ed. | ||
| 260 |
_aHaryana _bLN Pub. _c2022 |
||
| 300 | _a1100 | ||
| 546 | _aEnglish | ||
| 942 |
_2ddc _cBK |
||
| 999 |
_c20021 _d20021 |
||